|
|
|
|
| LEADER |
00000nab a2200000 a 4500 |
| 001 |
vtls000670794 |
| 003 |
SK-MaSNL |
| 005 |
20260426063728.0 |
| 008 |
140422c1998 xo 0 slo |
| 015 |
|
|
|a SNBRB1998/10-29469
|
| 035 |
|
|
|a CLN000022971
|
| 040 |
|
|
|a SNKBUCL
|b slo
|c SNKBUCL
|e AACR2
|
| 041 |
0 |
|
|a slo
|
| 044 |
|
|
|a xo
|c SK
|
| 080 |
|
|
|a 792(437.6):792.5
|2 1997
|
| 080 |
|
|
|a 792.5
|2 1997
|
| 100 |
1 |
|
|a Čavojský, Ladislav,
|d 1932-2014
|4 aut
|9 101804
|
| 245 |
1 |
0 |
|a V opere SND nič mimoriadne
|b rekapitulácia sezóny 1997/98 v Opere SND
|c Ladislav Čavojský
|
| 300 |
|
|
|b Fotogr.
|
| 610 |
|
7 |
|a Slovenské národné divadlo.
|b Opera
|2 snkbucl
|9 65024
|
| 651 |
|
7 |
|a Bratislava (Slovensko)
|2 snkbucl
|9 14568
|
| 655 |
|
7 |
|a články z novín a časopisov
|2 snkbucl
|9 267496
|
| 773 |
0 |
|
|t Literárny týždenník
|g Roč. 11, č. 37 (1998), s. 14
|x 0862-5999
|
| 850 |
|
|
|a Slovenská národná knižnica v Martine
|
| 852 |
|
|
|a SNK
|b KIS3GCP
|
| 958 |
|
|
|a SK
|
| 992 |
|
|
|a RBX
|
| 999 |
|
|
|c 2562618
|d 2564548
|